| 000 | 00396nam a22001577a 4500 | ||
|---|---|---|---|
| 005 | 20250327103417.0 | ||
| 008 | 250327b |||||||| |||| 00| 0 eng d | ||
| 020 | _a9076078378 | ||
| 050 | _aHB 522.H64 HOL | ||
| 100 | _aHOLMES KEVIN | ||
| 245 | _aTHE CONCEPT OF INCOME | ||
| 260 |
_aAMSTERDAM _bIBFD PULICATIONS _c2001 |
||
| 300 | _aXX,614p.,GRAPHS | ||
| 500 | _aREFERENCES | ||
| 942 |
_2lcc _cBK _n0 |
||
| 999 |
_c5245 _d5245 |
||